Toute la discographie de PNL - Statistiques

Statistiques générales
  • Ce quiz a été pris 269 fois
  • Le résultat moyen est 42 sur 73
Statistiques - réponses
Albums Titres % Correct
Le M
90%
Album - Dans la légende (2016) DA
83%
Album - Deux frères (2019) Au DD
79%
Deux frères
76%
Naha
74%
Onizuka
74%
Bené
73%
PNL
73%
Album - Que la famille (2015) Je vis je visser
70%
Album - Le monde Chico (2015) Le monde ou rien
70%
Dans la légende
69%
Lala
68%
Mexico
68%
Mowgli II
67%
91's
66%
Chang
65%
A l'ammoniaque
64%
J'suis QLF
64%
Simba
64%
Uranus
64%
Capuche
63%
Jusqu'au dernier gramme
63%
La misère est si belle
63%
Singles Lion
63%
J'suis PNL
62%
Blanka
61%
Déconnecté
61%
Oh lala
61%
Kratos
60%
Tahia
60%
Athéna
58%
Gaza
58%
Zoulou tchaing
58%
Autre monde
57%
Gala gala
57%
J'comprends pas
57%
Luz de Luna
57%
Sibérie
57%
Plus Tony que Sosa
56%
Bambina
55%
Frontières
55%
Shenmue
55%
Sur Paname
55%
Tempête
55%
Coeurs
54%
Dans la soucoupe
54%
Différents
54%
Hasta la vista
54%
Humain
54%
Ryuk
54%
Abonné
53%
Je t'haine
53%
Menace
53%
Porte de Mesrine
53%
Rebenga
52%
Kuta ubud
51%
Mira
51%
Celsius
50%
Cramés
50%
J'vends
50%
Recherche du bonheur
48%
Bang
47%
La vie est belle
46%
Que la mif
46%
Tu sais pas
46%
Comme pas deux
45%
Dans ta rue
44%
Laisse
43%
Sheita
42%
Obligés de prendre
41%
Loin des hommes
40%
La petite voix
37%
De la fenêtre du ter ter
5%
Aucun quiz correspondant
Distribution des résultats
% des personnes avec chaque résultat
Percentile par nombre de réponses
Votre historique - résultats
Vous n’avez pas pris ce quiz